|
|
|
|
| LEADER |
01174cam a2200325Ia 4500 |
| 001 |
CRC00TFE713PDF |
| 003 |
FlBoTFG |
| 005 |
20090717103237.0 |
| 006 |
a|||||s||||||||||| |
| 007 |
cr|||| |
| 008 |
031113s2004 flua sb 001 0 eng d |
| 020 |
|
|
|a 9780203485040 (e-book : PDF)
|
| 040 |
|
|
|a FlBoTFG
|c FlBoTFG
|d GrThAP
|
| 090 |
|
|
|a HV6074
|b .F564 2004
|
| 092 |
|
|
|a 363.258
|b F497
|
| 245 |
0 |
0 |
|a Fingerprints and other ridge skin impressions
|h [electronic resource] /
|c Christophe Champod ... [et al.].
|
| 260 |
|
|
|a Boca Raton, FL :
|b CRC Press,
|c 2004.
|
| 300 |
|
|
|a 285 p. :
|b ill.
|
| 490 |
0 |
|
|a International forensic science and investigation series
|
| 504 |
|
|
|a Includes bibliographical references and index.
|
| 530 |
|
|
|a Also available in print edition.
|b CRC Press (http://www.crcpress.com)
|
| 538 |
|
|
|a Mode of access: World Wide Web.
|
| 650 |
|
0 |
|a Fingerprints.
|
| 650 |
|
0 |
|a Fingerprints
|x Identification.
|
| 650 |
|
0 |
|a Criminal investigation.
|
| 650 |
|
0 |
|a Forensic sciences.
|
| 655 |
|
7 |
|a Electronic books.
|2 lcsh
|
| 700 |
1 |
|
|a Champod, Christophe.
|
| 776 |
1 |
|
|z 9780415271752
|
| 856 |
4 |
0 |
|u http://www.tandfebooks.com/isbn/9780203485040
|z Full Text via HEAL-Link
|